000 00213 a2200097 4500
001 7698
100 _aOkress, E
245 _aGossed field microwave devices
260 _a
_bAcademic Press
_c
090 _c6160
_d6160
942 _aNUST-CAE
_cM
_c32668
999 _c242771
_d242771